000 00389nam a2200169Ia 4500
005 20250423100047.0
008 250422s9999 xx 000 0 und d
020 _a0135479851
050 _aJA 66 .M43/
100 _aMeulemans, William C.
245 0 _aMaking political choices
260 _aNew Jersey
260 _bPentice Hall
260 _c1989
300 _a158 p
942 _cBK
999 _c32168
_d32168